Knowledge management for sustainable competitiveness in small and medium surveying practices (Record no. 75184)

MARC details
000 -LEADER
fixed length control field 01267cab a2200205 4500
001 - CONTROL NUMBER
control field L129620
008 - FIXED-LENGTH DATA ELEMENTS--GENERAL INFORMATION
fixed length control field 050506n2005 000 0 eng u
035 ## - SYSTEM CONTROL NUMBER
System control number (Sirsi) u129620
041 ## - LANGUAGE CODE
Language code of text/sound track or separate title eng
100 ## - MAIN ENTRY--PERSONAL NAME
Personal name Egbu, Charles O.
245 ## - TITLE STATEMENT
Title Knowledge management for sustainable competitiveness in small and medium surveying practices
260 ## - PUBLICATION, DISTRIBUTION, ETC.
Date of publication, distribution, etc. 2005
490 ## - SERIES STATEMENT
Series statement Structural Survey
Volume/sequential designation 23(1) 2005, 7-21(15)
520 ## - SUMMARY, ETC.
Summary, etc. Using a thorough review of literature, the paper discusses the benefits of Knowledge Management (KM) for sustainable competitiveness in Small and Medium Sized Enterprises (SMEs). Highlights the role of strategies, tools and techniques. Concludes that managing knowledge in SMEs is not a simple task as it is a complex and integrated social process which has many structures at its core. Gives recommendations to surveying practices that are already involved with KM activities, including the fact that KM events must be identified, captured, stored, mapped, disseminated and created in order to provide the best possible benefits to organisations.
590 ## - LOCAL NOTE (RLIN)
Local note IKA190505
690 ## - LOCAL SUBJECT ADDED ENTRY--TOPICAL TERM (OCLC, RLIN)
Topical term or geographic name as entry element MANAGEMENT-BUSINESS MANAGEMENT-INFORMATION MANAGEMENT-KNOWLEDGE MANAGEMENT
700 ## - ADDED ENTRY--PERSONAL NAME
Personal name Subashini, Hari
700 ## - ADDED ENTRY--PERSONAL NAME
Personal name Renukappa, Suresh H.
942 ## - ADDED ENTRY ELEMENTS (KOHA)
Suppress in OPAC 0
Holdings
Withdrawn status Lost status Source of classification or shelving scheme Damaged status Not for loan Home library Current library Shelving location Date acquired Total Checkouts Full call number Barcode Date last seen Copy number Price effective from Koha item type
    Dewey Decimal Classification     London London Journal article 06/05/2005   L129620 129620-1001 06/08/2019 1 06/08/2019 Journal article